|
|
|
|
| LEADER |
01139nam a22003132a 4500 |
| 001 |
001120424 |
| 003 |
CZ BrMZK |
| 005 |
20140224170556.0 |
| 007 |
ta |
| 008 |
101007s1982 xr a er|||||||||||cze d |
| 015 |
|
|
|a cnb000383176
|
| 035 |
|
|
|a (OCoLC)85169901
|
| 040 |
|
|
|a ABA001
|b cze
|d ABA001
|d BOA001
|
| 041 |
0 |
|
|a cze
|b eng
|b rus
|
| 080 |
9 |
|
|a 628.3:631.25
|
| 100 |
1 |
|
|a Bunešová, Stanislava
|7 mzk2014809399
|4 aut
|
| 245 |
1 |
0 |
|a Čištění odpadních vod z mytí a oprav zemědělské techniky /
|c Stanislava Bunešová
|
| 260 |
|
|
|a Praha :
|b Státní zemědělské nakladatelství,
|c 1982
|
| 300 |
|
|
|a 92 s. :
|b il., tb. ;
|c 8°
|
| 490 |
1 |
|
|a Účelová publikace VÚV ;
|v č. 4
|
| 504 |
|
|
|a Obsahuje bibliografii
|
| 546 |
|
|
|a Anglické a ruské resumé
|
| 550 |
|
|
|a Vydavatel: Výzkumný ústav vodohospodářský, Praha
|
| 710 |
2 |
|
|a Výzkumný ústav vodohospodářský
|7 ko2003192677
|
| 810 |
2 |
|
|a Výzkumný ústav vodohospodářský.
|t Účelové publikace
|
| 910 |
|
|
|a BOA001
|b 2-0846.924
|
| 990 |
|
|
|a BK
|
| 991 |
|
|
|b 201010
|
| 996 |
6 |
|
|b 2619361416
|c 2-0846.924
|l MZK
|r Sklad / do 1 hodiny
|n 0
|w 001148395
|u 000010
|a 1
|e BOA001
|j MZK50
|s P
|